000 00424cam a2200157ua 4500
003 OSt
008 250802b |||||||| |||| 00| 0 eng d
041 _aeng
082 _a625.8
_bMAR/ DE
100 _aMartin, Rogers .
_97664
245 _aDesign and constraction of asphalt pavements /
260 _aNew York :
_bMcGraw Hill Book Company ,
_c1958.
300 _a305 ; .
700 1 _aWallace , Hugh .
_97665
942 _cBK
999 _c2756
_d2756